<?xml version="1.0" encoding="UTF-8"?>
<record
    xmlns:xsi="http://www.w3.org/2001/XMLSchema-instance"
    xsi:schemaLocation="http://www.loc.gov/MARC21/slim http://www.loc.gov/standards/marcxml/schema/MARC21slim.xsd"
    xmlns="http://www.loc.gov/MARC21/slim">

  <leader>03436nam a2200337 i 4500</leader>
  <controlfield tag="003">CSPC</controlfield>
  <controlfield tag="005">20251008164150.0</controlfield>
  <controlfield tag="008">251008s2022    nyu      b    000 0 eng d</controlfield>
  <datafield tag="020" ind1=" " ind2=" ">
    <subfield code="a">9780367629045</subfield>
  </datafield>
  <datafield tag="040" ind1=" " ind2=" ">
    <subfield code="b">eng</subfield>
    <subfield code="c">CSPC</subfield>
    <subfield code="a">CSPC</subfield>
    <subfield code="e">rda</subfield>
  </datafield>
  <datafield tag="050" ind1=" " ind2="4">
    <subfield code="a">LC3715</subfield>
    <subfield code="b">.A97 2022</subfield>
  </datafield>
  <datafield tag="082" ind1="0" ind2="4">
    <subfield code="a">370.1175 </subfield>
    <subfield code="b">Au72s</subfield>
    <subfield code="2">23</subfield>
  </datafield>
  <datafield tag="100" ind1="1" ind2=" ">
    <subfield code="a">Auslander, Lisa,</subfield>
    <subfield code="e">author.</subfield>
  </datafield>
  <datafield tag="245" ind1="1" ind2="0">
    <subfield code="a">School-wide systems for multilingual learner success :</subfield>
    <subfield code="b">a roadmap for leaders /</subfield>
    <subfield code="c">Lisa Auslander and Joanna Yip.</subfield>
  </datafield>
  <datafield tag="264" ind1=" " ind2="1">
    <subfield code="a">New York, NY ;</subfield>
    <subfield code="a">Abingdon, Oxon :</subfield>
    <subfield code="b">Routledge,</subfield>
    <subfield code="c">2022.</subfield>
  </datafield>
  <datafield tag="300" ind1=" " ind2=" ">
    <subfield code="a">xvii, 175 pages ;</subfield>
    <subfield code="c">23 cm.</subfield>
  </datafield>
  <datafield tag="336" ind1=" " ind2=" ">
    <subfield code="2">rdacontent</subfield>
    <subfield code="a">text</subfield>
  </datafield>
  <datafield tag="337" ind1=" " ind2=" ">
    <subfield code="2">rdamedia</subfield>
    <subfield code="a">unmediated</subfield>
  </datafield>
  <datafield tag="338" ind1=" " ind2=" ">
    <subfield code="2">rdacarrier</subfield>
    <subfield code="a">volume</subfield>
  </datafield>
  <datafield tag="490" ind1="0" ind2=" ">
    <subfield code="a">Routledge eye on education</subfield>
  </datafield>
  <datafield tag="504" ind1=" " ind2=" ">
    <subfield code="a">Includes bibliographical references.</subfield>
  </datafield>
  <datafield tag="505" ind1="0" ind2=" ">
    <subfield code="a">Building dynamic systems for multilingual learner success -- The role of teacher team inquiry in linguistically responsive instruction -- Integrating social-emotional learning into school-wide planning and instruction -- Building system resilience with a multilingual learner data framework -- Leading school improvement for multilingual learners -- Appendix A. Ch.2A Tuning protocol for language and content integration -- Ch.2B Student work analysis for multilingual learners -- Ch.2C Team self-assessment for multilingual learner success -- Appendix B. Ch.3A Resources on trauma-informed education -- Appendix C. Ch.4A Reading observation protocol -- Ch.4B Reading assessments -- Ch.4C Writing rubric for SLIFE and newcomers -- Ch.4D Read-retell respond protocol for SLIFE and newcomers -- Appendix. Ch.5A Action planning template -- Ch.5B Coaching protocol for self-assessment and reflection -- Ch.5C Leadership case studies.</subfield>
  </datafield>
  <datafield tag="520" ind1=" " ind2=" ">
    <subfield code="a">"Innovative and accessible, this book provides a roadmap for designing school environments that address the needs of English Learners (ELs). Offering a wealth of resources to support school leaders working with multilingual students, Auslander and Yip explain how a systems thinking approach enables the development of stronger school-wide Multi-Tiered Systems of Support, and can lead to meaningful, context-specific solutions that set ELs up for success. With vignettes, case studies, and tools for readers in each chapter, the book not only identifies what effective practices look like, but also outlines methods to help effectively implement culturally and linguistically responsive teaching. This book covers relevant topics in the field including: Teacher team inquiry, planning, and collaboration Social-emotional learning in planning and instruction Culturally and linguistically responsive, trauma-informed assessment and interventions Effective leadership strategies Perfect for district, school and teacher leaders, this book includes concrete strategies, tools, and resources for implementing research-informed improvements to support different categories of multilingual learners, including Newcomers, Students with Interrupted Education (SIFE), and Long-term ELs." -- Back cover</subfield>
  </datafield>
  <datafield tag="650" ind1=" " ind2="0">
    <subfield code="a">Multilingual education.</subfield>
  </datafield>
  <datafield tag="650" ind1=" " ind2="0">
    <subfield code="a">Limited English-proficient students</subfield>
    <subfield code="x">Services for.</subfield>
  </datafield>
  <datafield tag="650" ind1=" " ind2="0">
    <subfield code="a">Limited English-proficient students</subfield>
    <subfield code="x">Education.</subfield>
  </datafield>
  <datafield tag="650" ind1=" " ind2="0">
    <subfield code="a">School environment.</subfield>
  </datafield>
  <datafield tag="700" ind1="1" ind2=" ">
    <subfield code="a">Yip, Joanna,</subfield>
    <subfield code="e">author.</subfield>
  </datafield>
  <datafield tag="942" ind1=" " ind2=" ">
    <subfield code="2">ddc</subfield>
    <subfield code="n">0</subfield>
    <subfield code="c">BK</subfield>
    <subfield code="h">370.1175 </subfield>
    <subfield code="i">Au72s</subfield>
    <subfield code="k">CIR</subfield>
    <subfield code="m">2022</subfield>
    <subfield code="e">23</subfield>
  </datafield>
  <datafield tag="952" ind1=" " ind2=" ">
    <subfield code="0">0</subfield>
    <subfield code="1">0</subfield>
    <subfield code="2">ddc</subfield>
    <subfield code="4">0</subfield>
    <subfield code="7">0</subfield>
    <subfield code="a">CSPC</subfield>
    <subfield code="b">CSPC</subfield>
    <subfield code="c">CIR</subfield>
    <subfield code="d">2025-10-08</subfield>
    <subfield code="l">0</subfield>
    <subfield code="o">CIR 370.1175  Au72s 2022</subfield>
    <subfield code="p">030365</subfield>
    <subfield code="r">2025-10-08 15:01:08</subfield>
    <subfield code="t">1-1</subfield>
    <subfield code="w">2025-10-08</subfield>
    <subfield code="y">BK</subfield>
  </datafield>
  <datafield tag="999" ind1=" " ind2=" ">
    <subfield code="c">30640</subfield>
    <subfield code="d">30640</subfield>
  </datafield>
</record>
